Estadísticas para Municipios limítrofes con la provincia de Alicante

Haz click aquí para intentar la prueba.

Estadísticas generales

  • Esta prueba ha sido intentada 34 veces
  • La puntuación promedio es 12 de 31

Estadísticas de respuestas

ProvinciaMunicipio% Correcto
ValenciaOliva
86%
Región de MurciaYecla
79%
Región de MurciaMurcia
75%
AlbaceteAlmansa
71%
Región de MurciaSan Javier
61%
Región de MurciaSan Pedro del Pinatar
61%
Región de MurciaJumilla
57%
Región de MurciaAbanilla
54%
Región de MurciaSantomera
54%
AlbaceteCaudete
50%
ValenciaOntinyent
50%
Región de MurciaBeniel
43%
ValenciaFont de la Figuera, la
43%
ValenciaAlbaida
39%
ValenciaBocairent
39%
Región de MurciaFortuna
39%
ValenciaCastelló de Rugat
29%
ValenciaVilallonga/Villalonga
29%
ValenciaFontanars dels Alforins
25%
ValenciaAgullent
21%
ValenciaCarrícola
21%
ValenciaTerrateig
21%
ValenciaAielo de Rugat
18%
ValenciaBenissoda
18%
ValenciaOtos
18%
ValenciaMontichelvo/Montitxelvo
14%
ValenciaBèlgida
11%
ValenciaBeniatjar
11%
ValenciaAtzeneta d'Albaida
7%
ValenciaPalomar, el
7%
ValenciaSalem
7%

Distribución de puntuación

Porcentaje por número respondido

Porcentaje de gente con cada puntuación

Historial de tus puntuaciones

No has intentado esta prueba.